<?xml version="1.0" encoding="UTF-8"?>
<record
    xmlns:xsi="http://www.w3.org/2001/XMLSchema-instance"
    xsi:schemaLocation="http://www.loc.gov/MARC21/slim http://www.loc.gov/standards/marcxml/schema/MARC21slim.xsd"
    xmlns="http://www.loc.gov/MARC21/slim">

  <leader>01305nam a22002537a 4500</leader>
  <controlfield tag="005">2008082806006.0</controlfield>
  <controlfield tag="008">080828t        xxu||||| |||| 00| e hin d</controlfield>
  <datafield tag="010" ind1=" " ind2=" ">
    <subfield code="a">HIN-84108</subfield>
  </datafield>
  <datafield tag="020" ind1=" " ind2=" ">
    <subfield code="a">8187425547</subfield>
    <subfield code="c">25.00</subfield>
  </datafield>
  <datafield tag="035" ind1=" " ind2=" ">
    <subfield code="a">HN-56454</subfield>
  </datafield>
  <datafield tag="037" ind1=" " ind2=" ">
    <subfield code="a">DBAD / PUB</subfield>
  </datafield>
  <datafield tag="040" ind1=" " ind2=" ">
    <subfield code="a">DPL</subfield>
    <subfield code="b">HN</subfield>
  </datafield>
  <datafield tag="082" ind1=" " ind2=" ">
    <subfield code="a">824</subfield>
  </datafield>
  <datafield tag="100" ind1=" " ind2=" ">
    <subfield code="a">&#x915;&#x93E;&#x924;&#x94D;&#x92F;&#x93E;&#x92F;&#x928;&#x940;</subfield>
  </datafield>
  <datafield tag="245" ind1=" " ind2=" ">
    <subfield code="a">&#x937;&#x921;&#x94D;&#x92F;&#x902;&#x924;&#x94D;&#x930;&#x930;&#x924; &#x92E;&#x943;&#x924;&#x93E;&#x924;&#x94D;&#x92E;&#x93E;&#x913;&#x902; &#x915;&#x947; &#x92C;&#x940;&#x91A;&#x903;</subfield>
    <subfield code="b">(&#x939;&#x92E;&#x93E;&#x930;&#x947; &#x938;&#x92E;&#x92F; &#x915;&#x947; &#x91C;&#x932;&#x924;&#x947; &#x938;&#x941;&#x932;&#x917;&#x924;&#x947; &#x938;&#x935;&#x93E;&#x932; &#x914;&#x930; &#x915;&#x941;&#x91B; &#x92C;&#x941;&#x928;&#x93F;&#x92F;&#x93E;&#x926;&#x940; &#x91A;&#x93F;&#x928;&#x94D;&#x924;&#x93E;&#x90F;&#x901;) /</subfield>
    <subfield code="c">&#x915;&#x93E;&#x924;&#x94D;&#x92F;&#x93E;&#x92F;&#x928;&#x940;</subfield>
  </datafield>
  <datafield tag="246" ind1=" " ind2=" ">
    <subfield code="a">Shadyantrarat mritaatmaaon ke biich</subfield>
    <subfield code="b">by Katyayani</subfield>
  </datafield>
  <datafield tag="260" ind1=" " ind2=" ">
    <subfield code="a">&#x932;&#x916;&#x928;&#x90A;</subfield>
    <subfield code="b">&#x92A;&#x930;&#x93F;&#x915;&#x932;&#x94D;&#x92A;&#x928;&#x93E;</subfield>
    <subfield code="c">2004</subfield>
  </datafield>
  <datafield tag="270" ind1=" " ind2=" ">
    <subfield code="a">&#x91C;&#x928;&#x91A;&#x947;&#x924;&#x928;&#x93E;, &#x921;&#x940;-68, &#x928;&#x93F;&#x930;&#x93E;&#x932;&#x93E;&#x928;&#x917;&#x930;</subfield>
    <subfield code="b">&#x932;&#x916;&#x928;&#x90A;</subfield>
    <subfield code="e">226020</subfield>
  </datafield>
  <datafield tag="300" ind1=" " ind2=" ">
    <subfield code="a">70&#x92A;&#x943;</subfield>
    <subfield code="c">22&#x938;&#x947;&#x92E;&#x940;( &#x905;&#x91C;&#x93F;&#x932;&#x94D;&#x926;)</subfield>
  </datafield>
  <datafield tag="650" ind1=" " ind2=" ">
    <subfield code="a">&#x939;&#x93F;&#x928;&#x94D;&#x926;&#x940; &#x928;&#x93F;&#x92C;&#x902;&#x927;</subfield>
    <subfield code="x">&#x907;&#x924;&#x93F;&#x939;&#x93E;&#x938; &#x90F;&#x935;&#x902; &#x938;&#x92E;&#x93E;&#x932;&#x94B;&#x91A;&#x928;&#x93E;</subfield>
  </datafield>
  <datafield tag="650" ind1=" " ind2=" ">
    <subfield code="a">Hindi essays</subfield>
    <subfield code="x">History and criticism</subfield>
  </datafield>
  <datafield tag="942" ind1=" " ind2=" ">
    <subfield code="2">ddc</subfield>
    <subfield code="c">HN</subfield>
    <subfield code="m">&#x915;&#x93E;&#x924;&#x94D;&#x92F;&#x93E;&#x92F;</subfield>
    <subfield code="h">824</subfield>
  </datafield>
  <datafield tag="999" ind1=" " ind2=" ">
    <subfield code="c">15180</subfield>
    <subfield code="d">15180</subfield>
  </datafield>
  <datafield tag="952" ind1=" " ind2=" ">
    <subfield code="0">0</subfield>
    <subfield code="1">0</subfield>
    <subfield code="4">0</subfield>
    <subfield code="7">1</subfield>
    <subfield code="8">NFIC</subfield>
    <subfield code="a">DBAD</subfield>
    <subfield code="b">DBAD</subfield>
    <subfield code="d">2008-08-28</subfield>
    <subfield code="e">DBAD / PUB</subfield>
    <subfield code="g">25.00</subfield>
    <subfield code="l">0</subfield>
    <subfield code="o">824 &#x915;&#x93E;&#x924;&#x94D;&#x92F;&#x93E;&#x92F;</subfield>
    <subfield code="p">HN-56454</subfield>
    <subfield code="r">2008-09-15 00:00:00</subfield>
    <subfield code="t">1</subfield>
    <subfield code="v">25.00</subfield>
    <subfield code="w">2008-09-15</subfield>
    <subfield code="y">HN</subfield>
  </datafield>
</record>
